| 000 | 00504nam a2200181 a 4500 | ||
|---|---|---|---|
| 001 | 000027673 | ||
| 003 | OSt | ||
| 005 | 20201117103925.0 | ||
| 008 | 110404s1978 dr 000 0 spa d | ||
| 040 |
_aDO-SdBNP _bspa _cBNPHU |
||
| 049 | _aBNPHU | ||
| 100 | 1 |
_aCastro García, Teófilo _954757 |
|
| 245 | 1 | 0 |
_aIntervención Yanqui 1916-1924 / _cTeófilo Castro García. |
| 260 |
_aSanto Domingo : _bTaller, _c1978. |
||
| 300 |
_a54 p. ; _c21 cm. |
||
| 504 | _aBibliografía : p. 53-54 | ||
| 942 |
_2ddc _cLBS1 |
||
| 999 |
_c27165 _d27165 |
||